01509nam a22003977a 4500003000500000005001700005008004100022010001100063011001100074020001500085035001100100040000900111082001500120100003400135245009300169260007300262300003000335490002100365534008300386590004100469590004100510590004100551590004200592650002300634650005400657650004000711650002600751650003300777650003500810830002800845901000700873942001000880949006700890999001900957952013500976CHAP20220329143722.0110405s1974 mx a r 00010 spa d a100855 a101827 a9682926963 a112515 cCHAP04a303.4bH221 aHarman, Robert Charles95275310aCambios médicos y sociales en una comunidad Maya - Tzeltalc/por Robert Charles Harman aMéxico, D.F. :bCONACULTA :bInstituto Nacional Indigenista,c1974 a232 p. :bilus., diagrama 0aPresenciasv; 27 pTít. original :tMedical and social changesin Tzeltal Mayan community, 1969. aBATCH-UPDb10c20130110lUCH01h1330 aBATCH-UPDb10c20130410lUCH01h0835 aBATCH-UPDb10c20130914lUCH01h1134 aCONVERSIONb10c20130109lUCH01h135614aCuranderos.93050614aDesarrollo de la comunidad ruralzChiapas.93203414aIndios de ChiapasxMedicina.95759814aMedicina Maya.97391914aMedicina tradicional.97392114aSalud pública rural.91018450 aPresenciasv; 27991523 aBK cLIBRO a303.4 H22bBCcLIBROd33724002231934eLIBROh114606i112515sb c100855d100855 00102ddc4052708GRALaBCbBCcPA_GRALd2019-12-31fLIBROl0o303.4 H22p33724002231934r2019-12-31 00:00:00w2019-12-31yLIBRO